Estatísticas para Cultura Geral

Clique aqui para jogar o quiz

Estatísticas Gerais

  • Esse quiz foi jogado 12 vezes
  • A pontuação média é 5 de 15

Estatísticas das Respostas

HintResposta% Correto
Qual é a religião dominante no Oriente Médio?Islamismo
89%
Em que país surgiu o género musical Hip Hop?Estados Unidos
78%
Que "faixa" de terra faz fronteira com Israel, Egito e o Mar Mediterrâneo?Gaza
67%
Que país faz fronteira com a Arábia Saudita em uma pequena ilha artificial chamada "Ilha do Passaporte"?Bahrein
44%
Que doce é feito de claras de ovos e açúcar?Suspiro
44%
De que país é a Waffle originária?Bélgica
33%
Qual é o nome histórico da terra entre os rios Tigre e Eufrates?Mesopotâmia
33%
Qual é a segunda cidade mais populosa da Síria, depois de Damasco?Alepo
22%
Que cordilheira separa o Oriente Médio e a Europa?Cáucaso
22%
Em que cidade você encontraria a Kaaba?Meca
22%
Qual grande cidade está localizada na costa sul do Iêmen?Aden
11%
Qual península compõe a maior parte da Turquia?Anatólia
11%
Que comida é conhecida pelos britânicos como "chips"?Batatas fritas
11%
Na música "See My Vest", de que tipo de animal é feito o colete do Sr. Burns?Gorila
0%
A que filme pertence a música "Can I Have This Dance"?High School Musical 3
0%

Distribuição das Pontuações

Percentil de Números Respondidos

Porcentagem de Pessoas com Cada Pontuação

Sua Pontuação Histórica

Você não jogou esse quiz